Tapestry: Writing

Wedi'i Gadw mewn:
Manylion Llyfryddiaeth
Prif Awdur: Sokolok, M. E.
Fformat: Llyfr
Iaith:Undetermined
Cyhoeddwyd: Boston, MA Heinle & Heinle 2000
Pynciau:
Tagiau: Ychwanegu Tag
Dim Tagiau, Byddwch y cyntaf i dagio'r cofnod hwn!
Thư viện lưu trữ: Trung tâm Học liệu Trường Đại học Cần Thơ
LEADER 00671nam a2200217Ia 4500
001 CTU_127681
008 210402s9999 xx 000 0 und d
020 |c 147000 
082 |a 808.042 
082 |b T172/T4 
100 |a Sokolok, M. E. 
245 0 |a Tapestry: 
245 0 |b Writing 
245 0 |c M. E. Sokolok; Edited by Meredith Pike-Baky 
260 |a Boston, MA 
260 |b Heinle & Heinle 
260 |c 2000 
650 |a English language,English language,Report writing 
650 |x Textbooks for foreign speakers,Rhetoric,Problems, exercises, etc.,Problems, exercises, etc. 
904 |i Minh 
980 |a Trung tâm Học liệu Trường Đại học Cần Thơ